000 006060000a22001810004500
003 MACL
005 20160320150537.0
008 160320b xxu||||| |||| 00| 0 eng d
040 _aMACL
_cMACL
041 _aHindi
082 _a070
100 _aपुण्‍य प्रसून वाजपेयी
_947795
245 _aडिजास्‍टर
_bमीडिया एण्‍ड पॉलिटिक्‍स
260 _bअंतिका प्रकाशन
_c2008
_aगाजियाबाद
350 _a200
650 _aNews Media Journalism
_9338
942 _cHIN
_k070
_2ddc
999 _c22247
_d22247